Fundamentals of digital circuits / (Record no. 182189)
[ view plain ]
| 000 -LEADER | |
|---|---|
| fixed length control field | 00891 a2200181 4500 |
| 003 - CONTROL NUMBER IDENTIFIER | |
| control field | Nust |
| 005 - DATE AND TIME OF LATEST TRANSACTION | |
| control field | 20221129144038.0 |
| 020 ## - INTERNATIONAL STANDARD BOOK NUMBER | |
| International Standard Book Number | 81-203-1745-9 |
| 040 ## - CATALOGING SOURCE | |
| Transcribing agency | Nust |
| 082 ## - DEWEY DECIMAL CLASSIFICATION NUMBER | |
| Classification number | 621.3815,KUM |
| 100 ## - MAIN ENTRY--PERSONAL NAME | |
| Personal name | A. Anand Kumar |
| 9 (RLIN) | 103785 |
| 245 ## - TITLE STATEMENT | |
| Title | Fundamentals of digital circuits / |
| Statement of responsibility, etc. | A. Anand Kumar |
| 260 ## - PUBLICATION, DISTRIBUTION, ETC. | |
| Place of publication, distribution, etc. | New Dehli |
| Name of publisher, distributor, etc. | Pretice-Hall |
| Date of publication, distribution, etc. | 2004 |
| 300 ## - PHYSICAL DESCRIPTION | |
| Extent | 664p |
| 505 ## - FORMATTED CONTENTS NOTE | |
| Formatted contents note | Introduction (Page-1), Number System (Page-17), Binary Codes (Page-62), Logic Gates (Page-89), Boolean Algebra (Page-120), The Karnaugh Map And Quine-Mcclusky Methods (Page-156), Combinational Circuits (Page-233), Flip-Flops And Timing Circuits (Page-309), Shift Registers (Page-368), Counters (Page-389), Logic Families (Page-466), Sequential Machines (Page-515), Analog To Digital And Digital To Analog Converters (Page-546), Memories (Page-578). |
| 650 ## - SUBJECT ADDED ENTRY--TOPICAL TERM | |
| Topical term or geographic name entry element | Telecommunication engineering |
| 942 ## - ADDED ENTRY ELEMENTS (KOHA) | |
| Source of classification or shelving scheme | |
| Koha item type | Book |
| Withdrawn status | Lost status | Source of classification or shelving scheme | Damaged status | Not for loan | Permanent Location | Current Location | Shelving location | Date acquired | Full call number | Barcode | Date last seen | Price effective from | Koha item type | Public note |
|---|---|---|---|---|---|---|---|---|---|---|---|---|---|---|
| Military College of Signals (MCS) | Military College of Signals (MCS) | General Stacks | 12/12/2016 | 621.3815,KUM | MCS31721 | 12/08/2016 | 12/12/2016 | Book | Almirah Nio.33, Shelf No.1 |
